000 00814cam a2200265 4500
008 020125n1999 000 0 eng u
020 _a0884152596
035 _a(Sirsi) u116473
041 _aeng.
050 _a696.2
100 _aPage, J.
245 _aEstimators piping man-hour manual
250 _a5th ed.
260 _aWoburn
_bButterworth Heinemann
_c1999
300 _axvi,248p.
_bill
_c24cm.
350 _a55
520 _aIn addition to piping estimating data this manual includes installation of pneumatic mechanical instrumentation used in monitoring various process systems.
650 _aPIPING
650 _aESTIMATING
650 _aBUILT ENVIRONMENT-BUILDING COSTS
650 _aCIVIL ENGINEERING
650 _aPIPES
690 _aBUILT ENVIRONMENT-BUILDING COSTS
942 _n0
999 _c101860
_d101860